[Event "Titled Tue 17th Jun Early"]
[Site "chess.com INT"]
[Date "2025.06.17"]
[Round "11"]
[White "Andreikin, Dmitry"]
[Black "Materia, Marco"]
[Result "1-0"]
[WhiteTitle "GM"]
[BlackTitle "IM"]
[WhiteElo "2695"]
[BlackElo "2489"]
[WhiteFideId "4158814"]
[BlackFideId "45150451"]
[EventDate "2025.06.17"]

1. d4 Nf6 2. c4 e6 3. Nf3 d5 4. Bg5 h6 5. Bxf6 Qxf6 6. e3 c6 7. Nbd2 g6 8. Bd3
Bg7 9. e4 O-O 10. e5 Qe7 11. c5 b6 12. b4 a5 13. a3 axb4 14. axb4 Rxa1 15. Qxa1
bxc5 16. bxc5 Ba6 17. Bxa6 Qa7 18. Ke2 Qxa6+ 19. Qxa6 Nxa6 20. Rb1 Ra8 21. Rb7
Nb8 22. Ne1 Kf8 23. f4 Ke8 24. Nd3 Bf8 25. Nb4 Be7 26. g4 Bd8 27. Nf1 Ba5 28.
Nc2 Nd7 29. Nfe3 Kd8 30. f5 Kc8 31. Rb1 Bd8 32. f6 Ra2 33. Kd3 Ba5 34. h4 Nb8
35. Ng2 Na6 36. Nf4 Kd7 37. Rb7+ Bc7 38. Kc3 Ra4 39. Kb3 Nxc5+ 40. dxc5 Rxf4 41.
Nb4 Kc8 42. Ra7 Rxg4 43. Ra8+ Kb7 44. Rf8 Bxe5 45. Rxf7+ Kc8 46. Nxc6 Ba1 47.
Na7+ Kd8 48. c6 Rc4 49. Rd7+ Ke8 50. f7+ Kf8 51. c7 g5 52. hxg5 hxg5 53. c8=Q+
Rxc8 54. Nxc8 Be5 55. Kc2 g4 56. Kd3 g3 57. Ke2 Bd4 58. Nd6 g2 59. Rd8+ 1-0

[Event "Titled Tue 17th Jun Early"]
[Site "chess.com INT"]
[Date "2025.06.17"]
[Round "11"]
[White "Vaganian, Rafael A"]
[Black "Smirnov, Mark"]
[Result "1-0"]
[WhiteTitle "GM"]
[BlackTitle "FM"]
[WhiteElo "2449"]
[BlackElo "2352"]
[WhiteFideId "13300016"]
[BlackFideId "13764594"]
[EventDate "2025.06.17"]

1. d4 Nf6 2. Nf3 d5 3. c4 e6 4. Nc3 Bb4 5. Bg5 h6 6. Bxf6 Qxf6 7. Qa4+ Nc6 8. e3
O-O 9. Be2 dxc4 10. Qb5 e5 11. Nxe5 Bxc3+ 12. bxc3 Nxe5 13. Qxe5 Qxe5 14. dxe5
Be6 15. f4 b5 16. e4 Rab8 17. a3 a5 18. Rb1 c5 19. Kf2 Rfc8 20. Ke3 b4 21. f5
Bd7 22. Bxc4 bxc3 23. Rxb8 Rxb8 24. Rc1 Re8 25. e6 fxe6 26. Rxc3 a4 27. Rd3 Bc8
28. Rd6 Kf8 29. Bxe6 Bxe6 30. Rxe6 Rb8 31. Kf4 Rb2 32. g4 Rxh2 33. Rc6 Ra2 34.
Rxc5 Rxa3 35. Ke5 Re3 36. Ra5 a3 37. Kf4 Rb3 38. e5 Rb4+ 39. Kf3 Rb3+ 40. Ke4
Rb4+ 41. Kd5 Rxg4 42. Ke6 Kg8 43. Ra8+ Kh7 44. Ra7 h5 45. f6 h4 46. f7 Rf4 47.
Rxa3 Kg6 48. Ra1 h3 49. Rg1+ Kh5 50. Rxg7 Kh6 51. Rg3 h2 52. Rh3+ Kg7 53. Rxh2
Rxf7 54. Rh7+ Kg8 55. Rxf7 Kh8 56. Kf6 Kg8 57. e6 Kh8 58. e7 Kg8 59. e8=Q# 1-0

[Event "Titled Tue 17th Jun Early"]
[Site "chess.com INT"]
[Date "2025.06.17"]
[Round "11"]
[White "Pakleza, Zbigniew"]
[Black "Gong, Qianyun"]
[Result "1-0"]
[WhiteTitle "GM"]
[BlackTitle "WGM"]
[WhiteElo "2484"]
[BlackElo "2228"]
[WhiteFideId "1119290"]
[BlackFideId "8602425"]
[EventDate "2025.06.17"]

1. d4 d5 2. Nf3 Nf6 3. Bf4 e6 4. Nbd2 Bd6 5. Bg3 O-O 6. e3 c5 7. Be2 Qc7 8. O-O
Nbd7 9. c4 Bxg3 10. hxg3 b6 11. Rc1 Qd6 12. Qa4 Bb7 13. Rfd1 Qe7 14. Qa3 Rfe8
15. Nb3 a5 16. dxc5 a4 17. Nbd4 bxc5 18. Nb5 Nb6 19. cxd5 Bxd5 20. Rxc5 Nfd7 21.
Rc7 Qxa3 22. bxa3 Rec8 23. e4 Bxe4 24. Rdxd7 Nxd7 25. Rxd7 Rc1+ 26. Kh2 Rc2 27.
Nfd4 Rd2 28. Nc3 Bg6 29. f4 h5 30. Bf3 Rc8 31. Nce2 Rxa2 32. g4 hxg4 33. Bxg4
Rxa3 34. f5 exf5 35. Bxf5 Rc5 36. Bxg6 fxg6 37. Nf3 Rh5+ 38. Kg3 Ra2 39. Nf4 Rf5
40. Nxg6 Kh7 41. Nf4 a3 42. Ra7 Rb5 43. Ra6 Rb3 44. Kg4 Rab2 45. Ng5+ Kg8 46.
Ra8+ Rb8 47. Rxa3 R2b4 48. g3 Rf8 49. Ne6 Rf6 50. Ra8+ Kh7 51. Ng5+ 1-0

[Event "Titled Tue 17th Jun Early"]
[Site "chess.com INT"]
[Date "2025.06.17"]
[Round "11"]
[White "Drozdowski, Kacper"]
[Black "Klukin, Kirill"]
[Result "1/2-1/2"]
[WhiteTitle "IM"]
[BlackTitle "IM"]
[WhiteElo "2450"]
[BlackElo "2401"]
[WhiteFideId "1136720"]
[BlackFideId "24199273"]
[EventDate "2025.06.17"]

1. e4 e6 2. d4 d5 3. Nc3 Nf6 4. Bg5 dxe4 5. Nxe4 Be7 6. Bxf6 gxf6 7. Nf3 f5 8.
Nc3 a6 9. g3 b5 10. Bg2 Bb7 11. O-O O-O 12. Ne5 Bxg2 13. Kxg2 b4 14. Qf3 c6 15.
Ne2 Qd5 16. Rfd1 Bf6 17. Nf4 Qxf3+ 18. Kxf3 c5 19. Nh5 Bxe5 20. dxe5 Nc6 21. Kf4
Rfd8 22. c3 a5 23. Nf6+ Kg7 24. Nd7 Ne7 25. Nb6 Rab8 26. Rxd8 Rxd8 27. Ke3 Nd5+
28. Nxd5 Rxd5 29. f4 bxc3 30. bxc3 c4 31. Ke2 Rd3 32. Rc1 Kg6 33. Rc2 h5 34. a4
h4 35. gxh4 Kh5 36. Rb2 Rxc3 37. Rb7 Kxh4 38. Rxf7 Kg4 39. Rf6 Kxf4 40. Rxe6
Rc2+ 41. Kd1 Rxh2 42. Rc6 Kxe5 43. Rxc4 Kd5 44. Rf4 Rh5 45. Ke2 Ke5 46. Rc4 Rh2+
47. Kf3 Kd5 48. Rf4 Ke6 49. Rc4 Kd5 50. Rf4 Ke5 51. Rc4 Rd2 52. Ke3 Rd1 53. Rc5+
Rd5 54. Rc4 Kf6 55. Kf4 Ke6 56. Rc6+ Kd7 57. Ra6 Kc7 58. Rh6 Rd4+ 59. Kxf5 Rxa4
60. Ke5 Rc4 61. Kd5 Rc1 62. Ra6 Rh1 63. Kc4 Rh5 64. Kb3 Kb7 65. Rf6 Re5 66. Ka4
Rd5 67. Rg6 Re5 68. Rf6 Rd5 1/2-1/2

[Event "Titled Tue 17th Jun Early"]
[Site "chess.com INT"]
[Date "2025.06.17"]
[Round "11"]
[White "Kalyani Sirin"]
[Black "Savitha, Shri B"]
[Result "0-1"]
[WhiteTitle "WFM"]
[BlackTitle "IM"]
[WhiteElo "2138"]
[BlackElo "2293"]
[WhiteFideId "33323500"]
[BlackFideId "35061887"]
[EventDate "2025.06.17"]

1. e4 c5 2. Nf3 e6 3. b3 Nc6 4. Bb2 Qc7 5. c4 a6 6. Nc3 Nf6 7. g3 Nd4 8. Bg2 Be7
9. O-O Rb8 10. Nxd4 cxd4 11. Ne2 e5 12. f4 d6 13. fxe5 dxe5 14. d3 O-O 15. Kh1
Ng4 16. Bc1 Be6 17. Ng1 b5 18. Bh3 Qd7 19. Nf3 f6 20. Nh4 g6 21. Bg2 bxc4 22.
dxc4 Rfd8 23. Qd3 Qa7 24. Bd2 Ne3 25. Rf2 Nxg2 26. Kxg2 Qb7 27. Kg1 Rf8 28. Raf1
Rf7 29. Ng2 f5 30. Re1 Rbf8 31. Rfe2 Bc5 32. Bh6 fxe4 33. Rxe4 Rf3 34. Qd1 d3+
35. Kh1 Qxe4 36. Bxf8 Qc6 37. Bxc5 Rf2 38. Rg1 Qxc5 39. Qxd3 Qc6 40. Qe3 Rxa2
41. Qxe5 Bh3 42. Qd5+ Qxd5 43. cxd5 Rd2 44. Nf4 Bf5 45. Re1 g5 46. Nh5 Kf7 47.
Rf1 Kg6 48. Nf6 h5 49. Ne8 Be4+ 50. Kg1 Rg2+ 51. Kh1 Rxg3+ 0-1

[Event "Titled Tue 17th Jun Early"]
[Site "chess.com INT"]
[Date "2025.06.17"]
[Round "11"]
[White "Grandelius, Nils"]
[Black "Askarov, Bakhtiyar"]
[Result "1-0"]
[WhiteTitle "GM"]
[BlackTitle "IM"]
[WhiteElo "2643"]
[BlackElo "2297"]
[WhiteFideId "1710400"]
[BlackFideId "13701100"]
[EventDate "2025.06.17"]

1. d4 d5 2. c4 e6 3. Nc3 c5 4. e3 cxd4 5. exd4 Nf6 6. Nf3 Be7 7. cxd5 Nxd5 8.
Bd3 O-O 9. h4 Nc6 10. a3 Bd7 11. Bc2 Rc8 12. Qd3 f5 13. Nxd5 exd5 14. Bb3 Be6
15. Bg5 Na5 16. O-O f4 17. Bxe7 Qxe7 18. Rfe1 Qd7 19. Ba4 Qd6 20. Re5 Bf7 21.
Ng5 Bg6 22. Qb5 Nc4 23. Rxd5 Qf6 24. Bb3 a6 25. Qb4 b5 26. Rc5 Rxc5 27. dxc5 h6
28. Nf3 Bf7 29. Bxc4 bxc4 30. Rd1 Qc6 31. Ne5 Qe4 32. Nxf7 Rxf7 33. Rc1 f3 34.
Qxc4 Qg6 35. g3 Qf5 36. c6 Qh3 37. Qf1 Qc8 38. Kh2 Kh8 39. b4 Re7 40. c7 Rxc7
41. Rxc7 Qxc7 42. Qxa6 Qc3 43. Qa8+ Kh7 44. Qe4+ Kh8 45. a4 Qd2 46. Qxf3 Qxb4
47. Qf4 Qa3 48. Kg2 Qa2 49. Qe4 Kg8 50. Qa8+ Kh7 51. a5 Qa4 52. a6 h5 53. Qb7
Qa5 54. a7 Qa4 55. a8=Q 1-0

[Event "Titled Tue 17th Jun Early"]
[Site "chess.com INT"]
[Date "2025.06.17"]
[Round "11"]
[White "Cuenca Jimenez, Jose Fernando"]
[Black "Karpenko, Anton"]
[Result "0-1"]
[WhiteTitle "GM"]
[BlackTitle "CM"]
[WhiteElo "2487"]
[BlackElo "2219"]
[WhiteFideId "2255570"]
[BlackFideId "34374353"]
[EventDate "2025.06.17"]

1. d4 Nf6 2. Bf4 e6 3. e3 c5 4. Nd2 cxd4 5. exd4 Be7 6. c3 O-O 7. Ngf3 b6 8. Bd3
Ba6 9. Bxa6 Nxa6 10. Qe2 Nc7 11. O-O d6 12. h3 h6 13. a4 Rb8 14. Rfe1 a6 15. Bh2
Qd7 16. Qd3 Rfc8 17. Nb3 Bf8 18. Nfd2 Qc6 19. Re2 b5 20. a5 d5 21. Rc1 Rb7 22.
Nf3 Qc4 23. Qd1 Nce8 24. Ne5 Qc7 25. Nd3 Qd8 26. Nbc5 Ra7 27. b4 Bd6 28. Bxd6
Nxd6 29. Ne5 Nfe4 30. f3 Ng3 31. Re1 Qg5 32. Qc2 Nc4 33. Ned3 Nf5 34. Qf2 Nh4
35. f4 Qg6 36. Kh2 Nf5 37. g4 Nfd6 38. Qg2 Re8 39. Ne5 Nxe5 40. fxe5 Nc4 41. Qf2
f6 42. exf6 Qxf6 43. Qxf6 gxf6 44. Rxe6 Rxe6 45. Nxe6 Re7 46. Nc5 Re2+ 47. Kg3
Re3+ 48. Kf4 Rxh3 49. Nxa6 Nd2 50. Kf5 Kf7 51. g5 hxg5 52. Kg4 Re3 53. Rh1 Kg6 0-1

[Event "Titled Tue 17th Jun Early"]
[Site "chess.com INT"]
[Date "2025.06.17"]
[Round "11"]
[White "Berikkyzy Alanna"]
[Black "Rom, Jasper"]
[Result "1-0"]
[WhiteTitle "WFM"]
[WhiteElo "2080"]
[BlackElo "2163"]
[WhiteFideId "13780719"]
[BlackFideId "2023733"]
[EventDate "2025.06.17"]

1. e4 c6 2. Nc3 d5 3. Nf3 Bg4 4. d4 dxe4 5. Nxe4 Nf6 6. Nxf6+ exf6 7. Be2 Bd6 8.
O-O O-O 9. c3 Re8 10. Be3 Nd7 11. Re1 Nf8 12. a4 Ng6 13. h3 Bf5 14. a5 Nf4 15.
Bf1 Qd7 16. Qd2 Nd5 17. a6 b5 18. Nh4 Be4 19. f3 Bg6 20. Nxg6 hxg6 21. Bf2 Bf4
22. Qd3 Qd6 23. c4 bxc4 24. Qxc4 Rab8 25. b3 g5 26. Rad1 g6 27. Bd3 Kg7 28. Be4
Ne7 29. Qc2 f5 30. Bd3 Nd5 31. Bc4 Ne3 32. Bxe3 Bxe3+ 33. Kh1 Qg3 34. Rxe3 Rxe3
35. Qd2 Rbe8 36. Bf1 g4 37. fxg4 fxg4 38. d5 gxh3 39. gxh3 Qf3+ 40. Bg2 Re1+ 41.
Rxe1 Rxe1+ 42. Qxe1 Qxb3 43. dxc6 Qc4 44. Qe5+ Kh7 45. c7 Qc1+ 46. Kh2 g5 47.
Bb7 Qd2+ 48. Bg2 Qc2 49. Qe4+ 1-0

[Event "Titled Tue 17th Jun Early"]
[Site "chess.com INT"]
[Date "2025.06.17"]
[Round "11"]
[White "Alonso Rosell, Alvar"]
[Black "Csonka, Balazs"]
[Result "1-0"]
[WhiteTitle "GM"]
[BlackTitle "IM"]
[WhiteElo "2536"]
[BlackElo "2467"]
[WhiteFideId "2270544"]
[BlackFideId "742910"]
[EventDate "2025.06.17"]

1. d4 d5 2. c4 e6 3. Nf3 Nf6 4. g3 Be7 5. Bg2 O-O 6. O-O dxc4 7. Qc2 b5 8. a4 b4
9. Ne5 Qxd4 10. Bxa8 Qxe5 11. Bf3 Ba6 12. Bf4 Qa5 13. Nd2 b3 14. Qc1 Qb4 15. Be5
Nd5 16. Bxd5 exd5 17. Rd1 c5 18. Nf3 d4 19. e3 Bb7 20. Nd2 Nc6 21. exd4 cxd4 22.
Re1 Nxe5 23. Rxe5 Bf6 24. Rb5 Qe7 25. Qxc4 Ba6 26. Qxb3 Bxb5 27. Qxb5 g6 28. Qd3
Qb4 29. Nc4 Kg7 30. b3 Re8 31. Kg2 h5 32. h4 Qb7+ 33. Qf3 Qb4 34. Rd1 Rb8 35.
Rd3 Re8 36. Qf4 Re6 37. Rf3 Qb7 38. Kh2 Qd5 39. Kg2 Qb7 40. Nd6 Qd7 41. Ne4 Bd8
42. Nc5 Qe7 43. Nxe6+ Qxe6 44. Qxd4+ Bf6 45. Qd3 Qc6 46. Qc4 Qb7 47. b4 a6 48.
b5 axb5 49. axb5 Be5 50. Qc6 Qe7 51. b6 f5 52. b7 Kh6 53. Re3 Qg7 54. Qe8 Qxb7+
55. Kh2 Bg7 56. Re6 Qb2 57. Qxg6# 1-0

[Event "Titled Tue 17th Jun Early"]
[Site "chess.com INT"]
[Date "2025.06.17"]
[Round "11"]
[White "Krzywda, Andrzej"]
[Black "Kislinsky, Alexey"]
[Result "1-0"]
[WhiteTitle "CM"]
[BlackTitle "GM"]
[WhiteElo "2175"]
[BlackElo "2341"]
[WhiteFideId "1114565"]
[BlackFideId "14108801"]
[EventDate "2025.06.17"]

1. e4 c5 2. Nf3 Nc6 3. d4 cxd4 4. Nxd4 e5 5. Nb5 d6 6. N1c3 a6 7. Na3 b5 8. Nd5
Nf6 9. Bg5 Be7 10. Bxf6 Bxf6 11. c4 b4 12. Nc2 a5 13. Qf3 Bg5 14. h4 Bxh4 15.
Rd1 Bg5 16. b3 Be6 17. Be2 g6 18. c5 dxc5 19. Bb5 Rc8 20. Ndxb4 Qb6 21. Bxc6+
Rxc6 22. Nxc6 Qxc6 23. Ne3 h5 24. O-O O-O 25. Rd3 a4 26. Nd5 axb3 27. axb3 Rb8
28. Qg3 Bxd5 29. Rxd5 Bf4 30. Qc3 h4 31. Rfd1 Kh7 32. Qf3 Qe6 33. R1d3 Ra8 34.
Rd6 Ra1+ 35. Rd1 Rxd1+ 36. Qxd1 Qc8 37. Rd7 Kg7 38. Qd5 Qe8 39. Rc7 g5 40. Qxc5
g4 41. Qd5 g3 42. fxg3 hxg3 43. b4 Be3+ 44. Kf1 Bb6 45. Rb7 Bd4 46. Qd7 Qf8 47.
Qg4+ Kf6 48. Qf5+ Kg7 49. Qg5+ Kh7 50. Qh5+ Kg7 51. Qg5+ Kh7 52. Rd7 Qe8 53.
Qf5+ Kg7 54. b5 Qf8 55. Qg5+ Kh7 56. Rd8 Qa3 57. Qh5+ Kg7 58. Qh8+ Kg6 59. Rg8# 1-0

[Event "Titled Tue 17th Jun Early"]
[Site "chess.com INT"]
[Date "2025.06.17"]
[Round "11"]
[White "Purtseladze, Maka"]
[Black "Akshit, Kumar J"]
[Result "1-0"]
[WhiteTitle "IM"]
[BlackTitle "CM"]
[WhiteElo "2261"]
[BlackElo "2074"]
[WhiteFideId "13602659"]
[BlackFideId "25097431"]
[EventDate "2025.06.17"]

1. Nf3 d5 2. c4 c6 3. d4 Nf6 4. Nc3 e6 5. cxd5 exd5 6. Bg5 Bd6 7. e3 O-O 8. Bd3
Nbd7 9. Qc2 h6 10. Bh4 Re8 11. Bg3 Nf8 12. Ne5 Be6 13. O-O Rc8 14. Rad1 Qc7 15.
a3 a6 16. b4 N8d7 17. Na4 Nxe5 18. dxe5 Bxe5 19. Nc5 Bxg3 20. hxg3 Rcd8 21. Qc3
Nd7 22. Nxe6 Rxe6 23. a4 Ne5 24. Be2 Qb6 25. Rd4 Re7 26. a5 Qc7 27. Rc1 Qd6 28.
Qc5 Qxc5 29. bxc5 Rc7 30. Rb4 g6 31. Rcb1 Rdd7 32. f4 Nc4 33. Bxc4 dxc4 34. Rxc4
Rd3 35. Re4 Rcd7 36. Rb2 Rc3 37. Re8+ Kg7 38. e4 Rxc5 39. e5 Rxa5 40. Kh2 Rad5
41. Rb8 Rb5 42. Re2 Re7 43. g4 a5 44. Ra8 Rd7 45. e6 fxe6 46. Rxe6 Rf7 47. g3
Rc5 48. Ree8 Kf6 49. Rh8 Ke6 50. Rxh6 Rg7 51. f5+ Kf6 52. Kh3 Kg5 53. Rah8 gxf5
54. Rh5+ Kf6 55. R8h6+ Kf7 56. gxf5 a4 57. f6 Rxh5+ 58. Rxh5 Kxf6 59. Ra5 b5 60.
Ra6 Rc7 61. Kg4 Ke5 62. Kf3 Kd5 63. g4 Rf7+ 64. Ke3 Kc5 65. g5 Re7+ 66. Kf4 Re1
67. Kf5 Rf1+ 68. Ke6 Rf3 69. g6 a3 70. g7 Rg3 71. Kf7 b4 72. Ra5+ Kc4 73. Ra6 c5
74. Rg6 Rf3+ 75. Ke8 Re3+ 76. Kd7 Rd3+ 77. Kc7 a2 78. g8=Q+ 1-0

[Event "Titled Tue 17th Jun Early"]
[Site "chess.com INT"]
[Date "2025.06.17"]
[Round "11"]
[White "Lyakh, Vasiliy"]
[Black "Deng, Henry"]
[Result "1-0"]
[BlackTitle "FM"]
[WhiteElo "2123"]
[BlackElo "2327"]
[WhiteFideId "14189828"]
[BlackFideId "30965454"]
[EventDate "2025.06.17"]

1. d4 d5 2. c4 c6 3. Nf3 Nf6 4. Nc3 e6 5. Bg5 Be7 6. e3 O-O 7. cxd5 exd5 8. Bd3
Bg4 9. Qb3 Qb6 10. Qc2 h6 11. Bh4 Nbd7 12. Ne5 Be6 13. f4 c5 14. Nxd7 Bxd7 15.
Bxf6 Qxf6 16. Nxd5 Qe6 17. Nxe7+ Qxe7 18. e4 cxd4 19. O-O Rac8 20. Qd2 Qc5 21.
Rac1 Qb6 22. e5 Rxc1 23. Rxc1 Rc8 24. Rxc8+ Bxc8 25. Kf2 Be6 26. a3 a5 27. Qc2
g6 28. h3 Bd5 29. g4 Be4 30. Ke2 Bxd3+ 31. Kxd3 Kg7 32. b3 Qd8 33. Ke4 Qe7 34.
a4 Qb4 35. Qc4 Qe1+ 36. Kxd4 Qf2+ 37. Kd5 Qg2+ 38. Kd6 Qb2 39. f5 Qa3+ 40. Kd7
Kf8 41. Qc8+ Kg7 42. Qc4 Kf8 43. e6 Qe7+ 44. Kc8 fxe6 45. fxe6 Kg7 46. Qc7 Kf6
47. Qxe7+ Kxe7 48. Kxb7 Kxe6 49. Kb6 Ke5 50. Kxa5 Kf4 51. b4 Kg3 52. b5 Kxh3 53.
b6 h5 54. b7 hxg4 55. b8=Q g3 56. Qf4 g2 57. Qf3+ Kh2 58. Qf4+ Kh1 59. Qf3 Kh2
60. Qf4+ Kh1 61. Qh6+ Kg1 62. Qxg6 Kf1 63. Qxg2+ Kxg2 64. Kb6 Kf3 65. a5 1-0

[Event "Titled Tue 17th Jun Early"]
[Site "chess.com INT"]
[Date "2025.06.17"]
[Round "11"]
[White "Newansa, M Esandi"]
[Black "Xalmatov, Yakubjon"]
[Result "1-0"]
[WhiteTitle "WCM"]
[BlackTitle "CM"]
[WhiteElo "1945"]
[BlackElo "2096"]
[WhiteFideId "9999060"]
[BlackFideId "14201615"]
[EventDate "2025.06.17"]

1. d4 d5 2. Bf4 Nf6 3. e3 e6 4. Nf3 c5 5. c3 Nc6 6. Nbd2 Bd6 7. Bg3 O-O 8. Bd3
b6 9. e4 dxe4 10. Nxe4 Be7 11. dxc5 bxc5 12. O-O Qb6 13. Rb1 Rd8 14. Qe2 Bb7 15.
Bh4 Nxe4 16. Qxe4 g6 17. Qe2 Bxh4 18. Nxh4 Ne5 19. Bb5 Qc7 20. Rfe1 Nd7 21. Nf3
Nf6 22. Ne5 Rab8 23. Bd3 Bd5 24. Nc4 Qf4 25. b3 Qg5 26. f3 Nh5 27. Qe5 Qh4 28.
Bf1 Bxc4 29. Bxc4 Rb6 30. Re4 Qe7 31. Rbe1 Rd2 32. R4e2 Rxe2 33. Rxe2 Nf6 34.
Kf2 Rb7 35. h3 Rd7 36. Qb8+ Rd8 37. Qf4 Kg7 38. g4 Qd6 39. Qxd6 Rxd6 40. Ke3 Nd7
41. Bb5 Nb6 42. c4 e5 43. Ke4 f6 44. Ke3 Rd4 45. Rd2 Nc8 46. Rxd4 exd4+ 47. Kd3
Ne7 48. b4 cxb4 49. Kxd4 Kf7 50. c5 Ke6 51. Kc4 a5 52. Kd4 g5 53. Bc4+ Kd7 54.
Bb5+ Kc7 55. Kc4 h6 56. Kb3 Ng6 57. Ka4 Ne5 58. Be2 Nc6 59. Bd1 1-0

[Event "Titled Tue 17th Jun Early"]
[Site "chess.com INT"]
[Date "2025.06.17"]
[Round "11"]
[White "Oro, Faustino"]
[Black "Zieba, Hubert"]
[Result "1-0"]
[WhiteTitle "IM"]
[BlackTitle "CM"]
[WhiteElo "2465"]
[BlackElo "2233"]
[WhiteFideId "20000197"]
[BlackFideId "21844704"]
[EventDate "2025.06.17"]

1. e4 c5 2. Nf3 Nc6 3. Bb5 e5 4. O-O Nge7 5. c3 g6 6. d4 exd4 7. cxd4 cxd4 8.
Nxd4 Bg7 9. Nf3 d5 10. exd5 Qxd5 11. Qa4 a6 12. Be2 O-O 13. Nc3 Qa5 14. Qxa5
Nxa5 15. Be3 Be6 16. Rfd1 Rfc8 17. Nd4 Nf5 18. Nxf5 Bxf5 19. Nd5 Bxb2 20. Ne7+
Kf8 21. Nxf5 gxf5 22. Rab1 Bf6 23. Bd3 b5 24. Bxf5 Rd8 25. Bxh7 Nc4 26. Bf4 Kg7
27. Be4 Rxd1+ 28. Rxd1 Re8 29. Bf3 a5 30. g3 b4 31. Rc1 Ne5 32. Be4 a4 33. Rb1
Nc4 34. Bc6 Re2 35. Rxb4 Na5 36. Bxa4 Rxa2 37. Bd7 Ra3 38. Kg2 Nb3 39. h4 Nc5
40. Bf5 Ra5 41. h5 Na6 42. h6+ Kg8 43. Rb6 Rxf5 44. Rxa6 Bg5 45. Bxg5 Rxg5 46.
f4 Rc5 47. g4 Rc3 48. g5 Kh7 49. Rf6 Kg8 50. Kf2 Kf8 51. h7 Kg7 52. Rxf7+ Kh8
53. Rf6 Kxh7 54. Re6 Kg7 55. Re3 Rc1 56. Kf3 Kg6 57. Re6+ Kf7 58. Rf6+ Kg7 59.
Kg4 Rc5 60. Ra6 Rc7 61. f5 Rb7 62. Kh5 Rb4 63. f6+ Kf7 64. Ra7+ Kf8 65. Kg6 Rb8
66. Rh7 1-0

[Event "Titled Tue 17th Jun Early"]
[Site "chess.com INT"]
[Date "2025.06.17"]
[Round "11"]
[White "Moldagali, Beksultan"]
[Black "Shandrygin, Nikita"]
[Result "0-1"]
[WhiteTitle "FM"]
[BlackTitle "FM"]
[WhiteElo "2397"]
[BlackElo "2209"]
[WhiteFideId "13734768"]
[BlackFideId "24198668"]
[EventDate "2025.06.17"]

1. e4 e5 2. Nf3 f5 3. Nxe5 Qe7 4. Qh5+ g6 5. Nxg6 Qxe4+ 6. Be2 Nf6 7. Qg5 Rg8 8.
Qxf6 Rxg6 9. Qc3 Qxg2 10. Qf3 Nc6 11. Qxg2 Rxg2 12. Bf3 Rg7 13. c3 Ne5 14. Be2
b6 15. d4 Bb7 16. Rf1 Nf3+ 17. Bxf3 Bxf3 18. Bf4 Re7+ 19. Kd2 Re4 20. Re1 O-O-O
21. Rxe4 fxe4 22. Na3 Be7 23. Rg1 Rf8 24. Be3 a6 25. Rg7 Bd6 26. Rxh7 Rg8 27.
Nc4 Bf8 28. Rf7 Bh5 29. Rf4 Kb7 30. Ne5 d6 31. Nc4 Kc6 32. d5+ Kxd5 33. Rf5+ Kc6
34. Rxh5 Be7 35. Ke2 Rg1 36. Nd2 Ra1 37. Nxe4 Rxa2 38. Bc1 d5 39. Kd1 dxe4 40.
Re5 Bd6 41. Rxe4 Bxh2 42. Kc2 Ra5 43. Be3 Rh5 44. Re6+ Kd7 45. Rg6 Bd6 46. Kd3
a5 47. Rg7+ Kc6 48. f4 a4 49. Ke4 Rb5 50. Bc1 Rc5 51. Rg5 Rc4+ 52. Kf3 b5 53.
Rf5 b4 54. cxb4 Rxc1 55. Ra5 Rb1 56. Rxa4 Rxb2 57. Kg4 Rxb4 0-1

[Event "Titled Tue 17th Jun Early"]
[Site "chess.com INT"]
[Date "2025.06.17"]
[Round "11"]
[White "Sychev, Klementy"]
[Black "Negrean, Andrei"]
[Result "1/2-1/2"]
[WhiteTitle "GM"]
[BlackTitle "FM"]
[WhiteElo "2513"]
[BlackElo "2352"]
[WhiteFideId "4114060"]
[BlackFideId "1291513"]
[EventDate "2025.06.17"]

1. h4 e5 2. c4 Nf6 3. Nc3 Bb4 4. e3 O-O 5. g4 Bxc3 6. bxc3 d5 7. g5 Ne8 8. Ba3
Nd6 9. cxd5 e4 10. c4 Re8 11. Qb3 Nd7 12. f4 b5 13. c5 Nc4 14. Bxc4 bxc4 15.
Qxc4 a5 16. Nh3 Ba6 17. Qc3 f6 18. Rg1 f5 19. h5 Nf8 20. h6 Re7 21. c6 Rf7 22.
Qd4 Ng6 23. Nf2 Nh4 24. Rg3 Nf3+ 25. Rxf3 exf3 26. Bb2 Be2 27. Nd3 Bxd3 28. Qxd3
Qd6 29. Ba3 Qg6 30. O-O-O Qh5 31. Kc2 f2 32. Rf1 Qf3 33. Bc5 Rd8 34. d6 Qxc6 35.
Qc3 cxd6 36. Bd4 Qa4+ 37. Qb3 Rc8+ 38. Kd1 Qc6 39. Rxf2 a4 40. Qb4 Qc2+ 41. Ke2
Qxa2 42. Qb5 Qc4+ 43. Qxc4 Rxc4 44. hxg7 a3 45. Rf1 Rb7 46. Ra1 Ra4 47. Rc1 Rb8
48. Ra1 a2 49. Bc3 Rb1 50. Kd3 Kf7 51. Kc2 Rxa1 52. Bxa1 d5 53. Kb3 Ra8 54. Kc2
Ra6 55. Kb3 Ra8 56. Kb4 Rb8+ 57. Ka3 Ra8+ 58. Kb3 Ra6 59. Kb4 Rb6+ 60. Ka3 Ra6+
61. Kb3 Ra8 1/2-1/2

[Event "Titled Tue 17th Jun Early"]
[Site "chess.com INT"]
[Date "2025.06.17"]
[Round "11"]
[White "Cahaya, Satria Duta"]
[Black "Jakubowski, Krzysztof"]
[Result "1-0"]
[WhiteTitle "FM"]
[BlackTitle "GM"]
[WhiteElo "2386"]
[BlackElo "2448"]
[WhiteFideId "7124252"]
[BlackFideId "1112848"]
[EventDate "2025.06.17"]

1. e4 c6 2. d4 d5 3. e5 Bf5 4. Nf3 e6 5. Be2 a5 6. a4 h6 7. O-O Ne7 8. Be3 Nc8
9. c4 dxc4 10. Nbd2 Nb6 11. Nxc4 Nxc4 12. Bxc4 Nd7 13. Rc1 Nb6 14. Bb3 Be7 15.
Nd2 O-O 16. Qf3 Nd5 17. Nc4 Nb4 18. Rfd1 Rc8 19. g4 Bg6 20. h4 Bxh4 21. Nd6 Rc7
22. d5 exd5 23. Bb6 Qb8 24. Bxa5 Na6 25. Bxc7 Nxc7 26. Bc2 Ne6 27. Bf5 Qa7 28.
b3 Nd4 29. Qe3 c5 30. Kg2 b6 31. f4 Be7 32. Nb5 Qa5 33. Nxd4 cxd4 34. Qxd4 Rd8
35. Rc7 Bc5 36. Qd3 Bxf5 37. Qxf5 Rf8 38. e6 d4 39. Rxf7 Qa8+ 40. Kg3 d3 41.
Rxf8+ Bxf8 42. Qxd3 Qc6 43. e7 Bxe7 44. Qd5+ Qxd5 45. Rxd5 g5 46. fxg5 hxg5 47.
Rb5 Bd8 48. Kf3 Kf8 49. Ke4 Ke7 50. Kd5 Kd7 51. b4 Bc7 52. Ke4 Ke6 53. Rxg5 b5
54. Rxb5 Bh2 55. a5 Kd6 56. a6 Kc6 57. Ra5 Kd7 58. a7 Kc6 59. a8=R Kd7 60. Rh8
Ke6 61. Rxh2 Kf6 62. Rc2 1-0

[Event "Titled Tue 17th Jun Early"]
[Site "chess.com INT"]
[Date "2025.06.17"]
[Round "11"]
[White "Arslanov, Shamil"]
[Black "Thomforde-Toates, Noah"]
[Result "1-0"]
[WhiteTitle "IM"]
[WhiteElo "2410"]
[BlackElo "2128"]
[WhiteFideId "4192826"]
[BlackFideId "30951992"]
[EventDate "2025.06.17"]

1. d4 Nf6 2. f3 d6 3. e4 g6 4. Be3 Bg7 5. Qd2 O-O 6. Nc3 Nbd7 7. Bh6 c5 8. d5 b5
9. Bxb5 Bxh6 10. Qxh6 Rb8 11. Nge2 Qa5 12. Bxd7 Bxd7 13. b3 c4 14. Qe3 Rfc8 15.
O-O Rc7 16. Rfb1 Kg7 17. Qd4 cxb3 18. axb3 Qb6 19. Qxb6 axb6 20. Ra3 Rbc8 21. b4
e6 22. dxe6 Bxe6 23. Rd1 Nd7 24. Rxd6 Ne5 25. Rd4 Nc4 26. Ra6 Nb2 27. Rxb6 Rxc3
28. Nxc3 Rxc3 29. Rd2 Ra3 30. Rd8 Ra1+ 31. Kf2 Rc1 32. Rc6 Nc4 33. Kg3 g5 34. h4
h6 35. Rd4 Ne5 36. Rc5 Kf6 37. hxg5+ hxg5 38. b5 Rb1 39. Rd6 Ng6 40. b6 Nf4 41.
Kf2 Rb2 42. g3 Ng6 43. Ke3 Ne5 44. f4 gxf4+ 45. gxf4 Nc4+ 46. Rxc4 Rb1 47. f5
Ke5 48. Rdc6 Bxc4 49. Rxc4 Rxb6 50. Rc5+ Kf6 51. Kd3 Rd6+ 52. Rd5 Ra6 53. c4 Ra1
54. Kd4 Rd1+ 55. Kc5 Re1 56. Kd6 Rxe4 57. c5 Ra4 58. c6 Ra6 59. Kd7 Kg5 60. c7
Ra7 61. Kd8 Rxc7 62. Kxc7 f6 63. Kd7 Kf4 64. Ke6 Ke4 65. Rd7 1-0